Oralidad, debate y argumentación : (Registro nro. 7273)
[ vista simple ]
| 000 -LEADER | |
|---|---|
| fixed length control field | 02233nam a22003137a 4500 |
| 003 - CONTROL NUMBER IDENTIFIER | |
| control field | OSt |
| 005 - DATE AND TIME OF LATEST TRANSACTION | |
| control field | 20210222112213.0 |
| 008 - FIXED-LENGTH DATA ELEMENTS--GENERAL INFORMATION | |
| fixed length control field | 210222s2005 ck ||||gr|||| 00| 0dspa d |
| 020 ## - INTERNATIONAL STANDARD BOOK NUMBER | |
| International Standard Book Number | 9589788255333 |
| 040 ## - CATALOGING SOURCE | |
| Original cataloging agency | CO-JMCR |
| Transcribing agency | CO-JMCR |
| 041 0# - LANGUAGE CODE | |
| Language code of text/sound track or separate title | spa |
| 082 04 - DEWEY DECIMAL CLASSIFICATION NUMBER | |
| Classification number | 340.11 / |
| Item number | C227o |
| Edition number | 23 |
| 100 1# - MAIN ENTRY--PERSONAL NAME | |
| Personal name | Cano Jaramillo, Carlos Arturo, |
| Relator term | autor |
| 9 (RLIN) | 13756 |
| 245 10 - TITLE STATEMENT | |
| Title | Oralidad, debate y argumentación : |
| Remainder of title | oratoria forense, estructura de los alegatos, exordio, narración, demostración, argumentación, refutación, conclusiones / |
| Statement of responsibility, etc. | Carlos Arturo Cano Jaramillo |
| 250 ## - EDITION STATEMENT | |
| Edition statement | 1a. edición |
| 260 ## - PUBLICATION, DISTRIBUTION, ETC. | |
| Place of publication, distribution, etc. | Bogotá : |
| Name of publisher, distributor, etc. | Grupo Editorial Ibáñez, |
| Date of publication, distribution, etc. | 2005 |
| 300 ## - PHYSICAL DESCRIPTION | |
| Extent | 374 páginas ; |
| Dimensions | 24 cm. |
| 500 ## - GENERAL NOTE | |
| General note | Incluye notas a pie de página y datos biográficos del autor. |
| 504 ## - BIBLIOGRAPHY, ETC. NOTE | |
| Bibliography, etc. note | Bibliografía: páginas 369-374 |
| 505 0# - FORMATTED CONTENTS NOTE | |
| Formatted contents note | Marco político y ético del sistema procesal acusatorio -- El debate oral -- La comunicación en la actuación procesal -- Pasos para elaborar el discurso -- Organización y estructura del discurso -- Exordio o introducción -- Narración, descripción y reconstrucción de los hechos -- La prueba de los hechos -- La argumentación -- Refutación -- Conclusiones o epílogo -- La expresión el lenguaje y el estilo -- La memoria y el diseño de ayudas audiovisuales -- La práctica del discurso -- La pronunciación del discurso -- |
| 520 3# - SUMMARY, ETC. | |
| Summary, etc. | Se reformó la Carta para poner en funcionamiento un sistema procesal penal acusatorio. El juicio es público, oral, con inmediación de las pruebas, contradictorio, concentrado y garantista. Hay argumentación entre las partes en condiciones materiales de igualdad. Las peticiones, los alegatos, la práctica de las pruebas, el debate en el juicio, la sustentación de los recursos y las decisiones se toman en audiencias públicas que requieren de la palabra hablada de la oratoria forense. El cambio cultural es político, ético, jurídico y comunicativo. |
| 650 14 - SUBJECT ADDED ENTRY--TOPICAL TERM | |
| Topical term or geographic name entry element | Derecho |
| General subdivision | metodología |
| 9 (RLIN) | 13757 |
| 650 24 - SUBJECT ADDED ENTRY--TOPICAL TERM | |
| Topical term or geographic name entry element | Redacción de textos jurídicos |
| Form subdivision | manuales |
| 9 (RLIN) | 13758 |
| 650 24 - SUBJECT ADDED ENTRY--TOPICAL TERM | |
| Topical term or geographic name entry element | Alegatos (Derecho) |
| 9 (RLIN) | 13759 |
| 650 24 - SUBJECT ADDED ENTRY--TOPICAL TERM | |
| Topical term or geographic name entry element | Oratoria forense |
| 9 (RLIN) | 13760 |
| 650 24 - SUBJECT ADDED ENTRY--TOPICAL TERM | |
| Topical term or geographic name entry element | Argumentación jurídica |
| 9 (RLIN) | 9824 |
| 650 24 - SUBJECT ADDED ENTRY--TOPICAL TERM | |
| Topical term or geographic name entry element | Teoría del derecho |
| 9 (RLIN) | 7948 |
| 942 ## - ADDED ENTRY ELEMENTS (KOHA) | |
| Source of classification or shelving scheme | Dewey Decimal Classification |
| Koha item type | Books |
| Withdrawn status | Lost status | Source of classification or shelving scheme | Damaged status | Not for loan | Collection code | Home library | Current library | Date acquired | Source of acquisition | Total Checkouts | Total Renewals | Full call number | Barcode | Date last seen | Date last checked out | Copy number | Price effective from | Koha item type |
|---|---|---|---|---|---|---|---|---|---|---|---|---|---|---|---|---|---|---|
| Dewey Decimal Classification | Non-fiction | Biblioteca Pública José María del Castillo y Rada | Biblioteca Pública José María del Castillo y Rada | 10/02/2020 | Donación | 1 | 1 | 340.11 / C227o | 201810315 | 11/05/2024 | 10/15/2024 | Ej.1 | 02/22/2021 | Books |